German Bundesländer - Statistics

General Stats
  • This quiz has been taken 2,078 times
    2,077 since last reset
  • The average score is 9 of 16
Answer Stats
Bundesländer % Correct
Bavaria
94%
Berlin
87%
Hamburg
78%
Bremen
70%
Saxony
63%
Hesse
61%
Brandenburg
59%
Saarland
58%
Bäden-Wurttemburg
56%
Schleswig-Holstein
53%
Lower Saxony
51%
Thuringia
50%
Mecklenburg-Vorpommern
49%
Saxony-Anhalt
41%
North Rhine Westphalia
39%
Rhineland-Palatinate
39%
No matching quizzes found
Score Distribution
Percent of People with Each Score
Percentile by Number Answered
Your Score History
You have not taken this quiz since the last reset